000 00523nam a2200169 i 4500
001 95878
003 ES-MaACL
005 20230906181807.0
007 t|
008 050607s1971 sp ||||1| spa d
100 1 _aMacintyre, Donald.
_975231
245 1 3 _aLa aventura de la vela /
_cDonald Macintyre;[ con una introducción de Uffa Fox].
260 _aBarcelona :
_bLuis de Caralt,
_c1971.
300 _a256 p. con 16 lám. col. :
_bil. ;
_c25 cm.
700 1 _aFox, Uffa.
_952030
852 _aES-MaACL
_jC-43992
_bR.83783
999 _c95878
_d95878